SpongeBob Kanciastoporty - piosenka z czołówki - Statystyki

Ogólne statystyki
  • Ten quiz został rozwiązany 58 razy
  • Średni wynik to 13 z 16
Statystyki odpowiedzi
Tekst piosenki % Poprawnych
{Kanciastoporty}!
98%
SpongeBob {Kanciastoporty}
98%
SpongeBob {Kanciastoporty}
98%
SpongeBob {Kanciastoporty}
98%
SpongeBob {Kanciastoporty}
98%
SpongeBob {Kanciastoporty}
98%
SpongeBob {Kanciastoporty}
98%
Kto {ananasowy} {pod} wodą ma dom?
92%
{Tak} {jest}, kapitanie
92%
{Tak} {jest}, kapitanie
92%
Nie {słyszałem}
84%
Jesteście {gotowi}?
82%
{SpongeBob}...!
71%
Ten jak {ryba} {w} {wodzie} poczuje się dziś?
63%
{Gąbczasto}-kanciasty i {żółty} jak on?
39%
Kto {grzyby} i {fale} ze śmiechu chce {gryźć}?
20%
Nie znaleziono quizów pasujących do podanych kryteriów
Rozkład punktacji
Procent ludzi z każdym wynikiem
Percentyl według liczby udzielonych odpowiedzi
Twoja historia wyników
Nie rozwiązałeś tego quizu